Normal view
MARC view
- MICHELINE ,HAN JIAWEI
Entry Personal Name
001 - CONTROL NUMBER
- control field: 89530
003 - CONTROL NUMBER IDENTIFIER
- control field: NUST
005 - DATE AND TIME OF LATEST TRANSACTION
- control field: 20220224153829.0
008 - FIXED-LENGTH DATA ELEMENTS
- fixed length control field: 220224|| aca||aabn | a|a d
040 ## - CATALOGING SOURCE
- Original cataloging agency: NUST
- Transcribing agency: NUST
100 ## - HEADING--PERSONAL NAME
- Personal name: MICHELINE ,HAN JIAWEI
670 ## - SOURCE DATA FOUND
- Source citation: Work cat.: (NUST): MICHELINE ,HAN JIAWEI., DATA MINING /
